Technické kreslenie : zbierka príkladov a úloh z deskriptívnej geometrie ... pre 2. a 3. roč. štud. odb. 23-81-6 strojárstvo /

Main Author: Švercl, Josef
Other Authors: Tarbajovský, Ján
Language: Slovak
Published: Bratislava : Alfa, 1983
Series: Edícia matematicko-fyzikálnej literatúry
Physical Description: 128 s.
Book
Saved in:
LEADER 01069nam a2200265 a 4500
001 000541436
003 CZ BrMZK
005 20100805084636.0
007 ta
008 000105s1983 xo f slo d
040 |a BOA001  |b cze 
080 9 |a 744(076.5)  |2 MRF 
080 |a 514.18(076.5)  |2 MRF 
100 1 |a Švercl, Josef  |7 jk01131925  |4 aut 
245 1 0 |a Technické kreslenie :  |b zbierka príkladov a úloh z deskriptívnej geometrie ... pre 2. a 3. roč. štud. odb. 23-81-6 strojárstvo /  |c Josef Švercl, Ján Tarbajovský 
260 |a Bratislava :  |b Alfa,  |c 1983 
300 |a 128 s. 
490 1 |a Edícia matematicko-fyzikálnej literatúry 
700 1 |a Tarbajovský, Ján  |7 jx20050524034  |4 aut 
830 0 |a Edícia matematicko-fyzikálnej literatúry  |0 s 
910 |a BOA001  |b 2-0859.287 
964 |a Geometrie deskriptivní - úlohy - sbírky - školy sřední odborné 
964 |a Kreslení technické - úlohy - sbírky - školy střední odborné 
990 |a BK 
996 7 |b 2619704994  |c 2-0859.287  |l MZK  |r Sklad / do 1 hodiny  |n 0  |w 000541436  |u 000010  |a 1  |e BOA001  |j MZK50  |s A